| 000 | 02029nam a2200529 i 4500 | ||
|---|---|---|---|
| 001 | xx005912244 | ||
| 003 | NUKAT | ||
| 005 | 20260317122700.0 | ||
| 008 | 260317s2025 pl |000 0dpol c | ||
| 020 |
_a9788396642370 _q(oprawa miękka) |
||
| 035 | _a(NUKAT)xx005912244 | ||
| 040 |
_aOLSZT 008/bak _bpol _erda _cOLSZT 008/bak |
||
| 045 | 2 |
_bd1425 _bd1945 |
|
| 046 | _k2025 | ||
| 100 | 1 |
_aSikorski, Jerzy _d(1935- ). _eAutor _914905 |
|
| 245 | 1 | 0 |
_aZrodzeni w Prusach : _bz dziejów arystokracji wyrosłej na ziemiach krzyżackich w rezultacie wojny Polski i stanów pruskich z zakonem krzyżackim w latach 1454 -1466 / _cJerzy Sikorski. |
| 246 | 3 | 0 | _aZ dziejów arystokracji wyrosłej na ziemiach krzyżackich w rezultacie wojny Polski i stanów pruskich z zakonem krzyżackim w latach 1454 -1466 |
| 260 |
_aOlsztyn : _bTowarzystwo Naukowe im. Wojciecha Kętrzyńskiego, _c2025. |
||
| 300 |
_a70, [1] strona ; _c24 cm. |
||
| 336 |
_aTekst _btxt _2rdacontent |
||
| 337 |
_aBez urządzenia pośredniczącego _bn _2rdamedia |
||
| 338 |
_aWolumin _bnc _2rdacarrier |
||
| 380 | _aKsiążki | ||
| 380 | _aPublikacje naukowe | ||
| 388 | 1 | _a2001- | |
| 500 | _aWydano z okazji 90. urodzin autora. | ||
| 600 | 1 | 7 |
_aSikorski, Jerzy _d(1935- ) _2DBN _914905 |
| 648 | 7 |
_a1401-1500 _2DBN _936030 |
|
| 648 | 7 |
_a1501-1600 _2DBN _936032 |
|
| 648 | 7 |
_a1601-1700 _2DBN _936034 |
|
| 648 | 7 |
_a1701-1800 _2DBN _936035 |
|
| 648 | 7 |
_a1801-1900 _2DBN _936037 |
|
| 648 | 7 |
_a1901-2000 _2DBN _934996 |
|
| 650 | 7 |
_aArystokracja _2DBN _936513 |
|
| 650 | 7 |
_aFolwark _2DBN _938243 |
|
| 650 | 7 |
_aOsadnictwo _2DBN _936548 |
|
| 650 | 7 |
_aRody _2DBN _935884 |
|
| 650 | 7 |
_aStruktura społeczna _2DBN _936569 |
|
| 650 | 7 |
_aSzlachta _2DBN _935078 |
|
| 650 | 7 |
_aWłasność rolna _2DBN _936165 |
|
| 651 | 7 |
_aPrusy _2DBN _935118 |
|
| 655 | 7 |
_aOpracowanie _2DBN _935024 |
|
| 658 | _aHistoria | ||
| 710 | 2 |
_aTowarzystwo Naukowe im. Wojciecha Kętrzyńskiego (Olsztyn). _eWydawca _4pbl _98370 |
|
| 920 | _a978-83-966423-7-0 (oprawa miękka) | ||
| 942 |
_2ddc _cBK_NM |
||
| 999 |
_c27049 _d27049 |
||